| 000 -LEADER | |
|---|---|
| fixed length control field | 00413nam a22001697a 4500 |
| 005 - DATE AND TIME OF LATEST TRANSACTION | |
| control field | 20160521123521.0 |
| 008 - FIXED-LENGTH DATA ELEMENTS--GENERAL INFORMATION | |
| fixed length control field | 160521b xxu||||| |||| 00| 0 eng d |
| 020 ## - INTERNATIONAL STANDARD BOOK NUMBER | |
| ISBN | 978-81-317-0000-6 |
| 041 ## - LANGUAGE CODE | |
| Language code of text/sound track or separate title | eng |
| 082 ## - DEWEY DECIMAL CLASSIFICATION NUMBER | |
| Item number | 3791 |
| 100 ## - MAIN ENTRY--AUTHOR NAME | |
| Personal name | A.M. Natrajan P.Balasubramani A. Tanilarasi |
| 245 ## - TITLE STATEMENT | |
| Title | Operations Research |
| 260 ## - PUBLICATION, DISTRIBUTION, ETC. (IMPRINT) | |
| Name of publisher | Pearsons |
| Year of publication | 2008 |
| 300 ## - PHYSICAL DESCRIPTION | |
| Number of Pages | 730 |
| 650 ## - SUBJECT ADDED ENTRY--TOPICAL TERM | |
| Topical Term | Management |
| 942 ## - ADDED ENTRY ELEMENTS (KOHA) | |
| Koha item type | Books |
| Lost status | Damaged status | Home library | Date acquired | Full call number | Accession Number | Koha item type | Collection code | Current library | Shelving location |
|---|---|---|---|---|---|---|---|---|---|
| JRU Library | 21/05/2016 | 3791 | 3791 | Books | |||||
| JRU Library | 21/05/2016 | 3791 | 3792 | Books | MANAGEMENT | JRU Library | SHELF-35-I | ||
| JRU Library | 21/05/2016 | 3791 | 3793 | Books | MANAGEMENT | JRU Library | SHELF-76-G | ||
| JRU Library | 21/05/2016 | 3791 | 3794 | Books |